000 00652nam a22001697a 4500
999 _c20495
_d20495
003 OSt
005 20240815122705.0
008 240815b ||||| |||| 00| 0 eng d
040 _c0
082 _aDPer 507 J826 September 2019 - June 2020 v.49 n. 1-5
100 _aBonney, Kevin M.
_eauthor.
_957891
245 _aNeglected tropical diseases:
_ba case for promoting innovation and transdisciplinary perspectives in liberal arts education /
_cKevin M. Bonney
260 _aArlington USA;
_bNational Science Teaching Association,
_cMay/June 2020.
300 _avolume 49, pages 23-27.
700 _aBonney, Kevin M.
_eauthor.
_957891
942 _2ddc
_cPER